Library Banner
Normal view MARC view

Entry Personal Name

Number of records used in: 1

001 - CONTROL NUMBER

  • control field: 3915

003 - CONTROL NUMBER IDENTIFIER

  • control field: PK-LaUMT

005 - DATE AND TIME OF LATEST TRANSACTION

  • control field: 20241231101222.0

008 - FIXED-LENGTH DATA ELEMENTS

  • fixed length control field: 241231|| aca||aabn | a|a d

040 ## - CATALOGING SOURCE

  • Original cataloging agency: PK-LaUMT
  • Transcribing agency: PK-LaUMT

100 ## - HEADING--PERSONAL NAME

  • Personal name: Sahibzada Fqir Abndul Hameed Sarwari Qadiri = صاحبزادہ فقیر عبدالحمید سروری قادری

670 ## - SOURCE DATA FOUND

  • Source citation: Work cat.: (PK-LaUMT)136443: Sahibzada Fqir Abndul Hameed Sarwari Qadiri = صاحبزادہ فقیر عبدالحمید سروری قادری, Hiyat sarwari = حیات سروری /, 1990